Chinese Cities by Former Names - Statistics

General Stats
  • This quiz has been taken 212 times
  • The average score is 13 of 20
Answers on the Map
Answers color-coded by a green-red scale on the quiz's map according to % correct below.
 
Answer Stats
Former Name Chinese City % Correct
Peking Beijing
98%
Chengtu Chengdu
96%
Canton Guangzhou
95%
Nanking Nanjing
94%
Tientsin Tianjin
91%
Sian Xi'an
90%
Chungking Chongqing
89%
Foochow Fuzhou
89%
Tsingtao Qingdao
88%
Soochow Suzhou
81%
Amoy Xiamen
70%
Chengchow Zhengzhou
60%
Swatow Shantou
55%
Port Arthur Dalian
54%
Mukden Shenyang
49%
Tihwa Urumqi
37%
Kweisui Hohhot
27%
Kwangchowan Zhanjiang
27%
Chefoo Yantai
22%
Chinkiang Zhenjiang
22%
No matching quizzes found
Score Distribution
Percent of People with Each Score
Percentile by Number Answered
Your Score History
You have not taken this quiz